000 00620nam a22001817a 4500
001 10070
003 FISKH
005 20260403111353.0
008 260403b cb ||||| |||| 00| 0 eng d
040 _aFISKH
_bchi
_cFISKH
_dFISKH
082 _a158.2
100 _a 严欢
245 _a爸爸的星星 ( Daddy's star ) /
_c 严欢
300 _a23 pages :
_bcolor illustrations ;
_c23 cm .
520 _a这本书讲述了小熊和爸爸之间温暖的亲情故事。通过“星星”的比喻,表达了父爱的陪伴与关怀,让孩子感受到家庭的温暖与爱。
942 _2ddc
_cBOOK
_n0
999 _c10070
_d10070